00628nam a22002057a 450000500170000001000130001702000220003003500130005203700160006504000120008108200190009310000190011224501030013126000390023427000540027330000210032765000370034865000160038570000210040120170124110148.0 aA-612659 c00.00a8170363357 aA-612659 bCen Lib/Ret aDPLbEN a658.40092bGAR aGarg, Pulin K. aYoung managers at the crossroads :cby Pulin K Garg [and] Indira J Parikhbthe Trishanku complex / aNew DelhibSage Publicationsc1993 aM-32, Greater Kailash Market-IbNew Delhie110048 a198p. c21cm(Hb) aExecutives -- India -- Biography aExecutives  aParikh, Indira J